PhD. Meetings and Seminars III recenzovaný zborník z vedeckej konferencie : Košice 15. 4. 2011

Salvato in:
Dettagli Bibliografici
Enti autori: PhD. Meetings and Seminars III. Vedecká konferencia, Ekonomická univerzita v Bratislave. Podnikovohospodárska fakulta so sídlom v Košiciach
Altri autori: Baumöhl, Eduard, 1982-, Lyócsa, Štefan, 1982-, Schwartzová, Zuzana, Výrost, Tomáš, 1978-
Natura: Libro
Lingua:slovacco
inglese
Pubblicazione: Košice 2011
Soggetti:
Tags: Aggiungi Tag
Nessun Tag, puoi essere il primo ad aggiungerne!!

MARC

LEADER 00000nlm$a2200000$$$4500
001 0148593
005 20240502072655.0
020 |a 978-80-225-3248-8 
041 0 |a slo 
041 0 |a eng 
044 |a SK 
245 1 0 |a PhD. Meetings and Seminars III  |b recenzovaný zborník z vedeckej konferencie : Košice 15. 4. 2011  |c zostavovatelia zborníka Eduard Baumöhl, Štefan Lyócsa, Zuzana Schwartzová, Tomáš Výrost 
264 1 |a Košice  |c 2011 
300 |a online [70 s.] 
610 2 0 |a akcie 
610 2 0 |a rating 
610 2 0 |a efektívnosť 
610 2 0 |a efektívnosť podnikania 
610 2 0 |a firmy 
610 2 0 |a banky 
610 2 0 |a modely regresné 
610 2 0 |a podnikanie zodpovedné 
610 2 0 |a produkt domáci hrubý 
610 2 0 |a Európa 
700 1 |a Baumöhl, Eduard, 1982- 
700 1 |a Lyócsa, Štefan, 1982- 
700 1 |a Schwartzová, Zuzana 
700 1 |a Výrost, Tomáš, 1978- 
110 2 |a PhD. Meetings and Seminars III. Vedecká konferencia 
710 2 |a Ekonomická univerzita v Bratislave. Podnikovohospodárska fakulta so sídlom v Košiciach